Экономико-организационные основы создания систем обработки данных

Dades bibliogràfiques
Autor principal: Зингер И. С. Илья Самойлович
Altres autors: Модин А. А. Анатолий Андреевич, Коротяев М. Ф. Михаил Федорович
Sumari:В работе анализируется структура и основные параметры существующих систем обработки данных. Дается классификация и указываются особенности функционирования этих систем на предприятиях и производственных объединений. Большое внимание уделено вопросам проектирования технологических процессов обработки данных и принципам их организации. наиболее актуальной с позиции совершенствования систем обработки данных является методическая разработка оценки экономической эффективности решения как отдельных функциональных задач управления, так и системы в целом. Книга будет полезна специалистам, занимающимся разработкой и совершенствованием систем управления в различных отраслях и звеньях народного хозяйства, студентам вузов соответствующих специальностей.
Idioma:rus
Publicat: Москва, Статистика, 1978
Matèries:
Format: Llibre
KOHA link:https://koha.lib.tpu.ru/cgi-bin/koha/opac-detail.pl?biblionumber=60842

MARC

LEADER 00000nam0a2200000 4500
001 60842
005 20231031062035.0
035 |a (RuTPU)RU\TPU\book\64330 
090 |a 60842 
100 |a 20040220d1978 km y0rusy50 ca 
101 0 |a rus 
102 |a RU 
105 |a a z 001zy 
200 1 |a Экономико-организационные основы создания систем обработки данных  |f И. С. Зингер, А. А. Модин, М. Ф. Коротяев 
210 |a Москва  |c Статистика  |d 1978 
215 |a 160 с.  |c ил. 
320 |a Библиогр.: с. 159 
330 |a В работе анализируется структура и основные параметры существующих систем обработки данных. Дается классификация и указываются особенности функционирования этих систем на предприятиях и производственных объединений. Большое внимание уделено вопросам проектирования технологических процессов обработки данных и принципам их организации. наиболее актуальной с позиции совершенствования систем обработки данных является методическая разработка оценки экономической эффективности решения как отдельных функциональных задач управления, так и системы в целом. Книга будет полезна специалистам, занимающимся разработкой и совершенствованием систем управления в различных отраслях и звеньях народного хозяйства, студентам вузов соответствующих специальностей. 
610 1 |a автоматизированные системы планирования и управления 
610 1 |a системы обработки информации 
610 1 |a экономическая информация 
610 1 |a информационное обеспечение 
675 |a 658.5.011.56:681.3.06  |v 3 
700 1 |a Зингер  |b И. С.  |g Илья Самойлович 
701 1 |a Модин  |b А. А.  |g Анатолий Андреевич 
701 1 |a Коротяев  |b М. Ф.  |g Михаил Федорович 
801 1 |a RU  |b 63413507  |c 20040220  |g PSBO 
801 2 |a RU  |b 63413507  |c 20160929  |g PSBO 
942 |c BK